Statistics for 27大阪府の市区町村(選択形式)

Click here to take the quiz!

General Stats

  • This quiz has been taken 27 times
  • The average score is 40 of 72

Answers on the Map

Answers color-coded by a green-red scale on the quiz's map according to % correct below.
 

Answer Stats

Answer% Correct
37:高槻市
92%
63:島本町
92%
01:大阪市都島区
83%
54:摂津市
75%
58:泉南市
75%
05:大阪市港区
67%
07:大阪市天王寺区
67%
19:大阪市淀川区
67%
33:豊中市
67%
38:貝塚市
67%
40:枚方市
67%
41:茨木市
67%
57:東大阪市
67%
65:能勢町
67%
69:岬町
67%
02:大阪市福島区
58%
03:大阪市此花区
58%
09:大阪市西淀川区
58%
10:大阪市東淀川区
58%
25:堺市堺区
58%
32:岸和田市
58%
34:池田市
58%
35:吹田市
58%
42:八尾市
58%
45:寝屋川市
58%
46:河内長野市
58%
47:松原市
58%
53:門真市
58%
59:四條畷市
58%
60:交野市
58%
62:阪南市
58%
68:田尻町
58%
11:大阪市東成区
50%
12:大阪市生野区
50%
14:大阪市城東区
50%
20:大阪市鶴見区
50%
21:大阪市住之江区
50%
22:大阪市平野区
50%
23:大阪市北区
50%
24:大阪市中央区
50%
26:堺市中区
50%
27:堺市東区
50%
28:堺市西区
50%
31:堺市美原区
50%
43:泉佐野市
50%
44:富田林市
50%
48:大東市
50%
49:和泉市
50%
50:箕面市
50%
51:柏原市
50%
52:羽曳野市
50%
55:高石市
50%
61:大阪狭山市
50%
64:豊能町
50%
66:忠岡町
50%
67:熊取町
50%
70:太子町
50%
71:河南町
50%
72:千早赤阪村
50%
04:大阪市西区
42%
06:大阪市大正区
42%
15:大阪市阿倍野区
42%
16:大阪市住吉区
42%
17:大阪市東住吉区
42%
18:大阪市西成区
42%
29:堺市南区
42%
30:堺市北区
42%
36:泉大津市
42%
39:守口市
42%
56:藤井寺市
42%
08:大阪市浪速区
33%
13:大阪市旭区
33%

Score Distribution

Percentile by Number Answered

Percent of People with Each Score

Your Score History

You have not taken this quiz